000 00607nam a2200229Ia 4500
003 OSt
005 20221007080517.0
006 a|||||r|||| 00| 0
007 ta
008 221006b |||||||| |||| 00| 0 eng d
024 _a12,561
037 _cTextual
040 _aFLL
_cFLL
_beng
041 _2eng
_aeng
082 _aV236,61.N7, L8
100 _aSingh Partap Au.
_9694960
245 0 _aUrban government in India
260 _aNew Delhi
_bUppal pub. India
_c1978
300 _a157p
_ccm.
942 _hV236,61.N7, L8
_cTEXL
_2CC
999 _c1159918
_d1159918